000
00321nam a22001337a 4500
003
OSt
008
250108b |||||||| |||| 00| 0 eng d
041
_a
eng
100
_a
Gupta, ML
_9
6833
245
_a
Workshop Practices in Electrical Engineering
250
_a
5th
260
_b
Metropolitan Book Co,
_c
1980.
942
_c
BK
999
_c
18986
_d
18986